Fish in Other Words Quiz Stats

 Plays Quiz not verified by Sporcle

Challenge
Share
Tweet
Embed
Score 0/22 Timer 04:00
0 Plays Today
% Correct
HAKE
91.9%
EEL
90.3%
BASS
89.7%
SKATE
89%
ANGEL
88.3%
ROACH
84.3%
TETRA
82.8%
PIKE
81.5%
SOLE
79.9%
CHAR
79.7%
CHUB
78.8%
% Correct
RUDD
77.2%
TOPE
75.9%
COD
75.8%
TUNA
74.4%
CARP
74%
PERCH
73.7%
BRILL
71.9%
RAY
70.5%
ARCHER
70.5%
TENCH
68%
DAB
65.7%

You're not logged in!

Compare scores with friends on all Sporcle quizzes.
OR
Log In

You Might Also Like...

Show Comments

Extras

Editor's Pick Jul 26, 2015ReportNominate
Tags:Clickable Quiz, complete, fish

Top Quizzes Today


Score Distribution

Your Account Isn't Verified!

In order to create a playlist on Sporcle, you need to verify the email address you used during registration. Go to your Sporcle Settings to finish the process.

Report this User

Report this user for behavior that violates our Community Guidelines.

Details: